Villes les plus méchantes d'IDF - Statistiques

Statistiques générales
  • Ce quiz a été pris 205 fois
  • Le résultat moyen est 8 sur 20
Statistiques - réponses
sClassement Département Réponse % Correct
19 93 Saint-Denis
85%
6 91 Evry-Courcouronnes
67%
2 93 Sevran
63%
8 93 Aubervilliers
60%
3 95 Sarcelles
60%
1 91 Grigny
58%
18 78 Mantes-la-Jolie
48%
17 94 Ivry-sur-Seine
47%
14 93 Aulnay-sous-Bois
46%
13 91 Corbeil-Essones
44%
9 93 La Courneuve
40%
4 60 Creil
38%
10 94 Vitry-sur-Seine
38%
16 93 Clichy-sous-Bois
30%
20 94 Champigny-sur-Marne
29%
5 95 Garges-lès-Gonnesse
26%
7 93 Stains
24%
15 93 Montfermeil
20%
11 94 Villeneuve-Saint-Georges
14%
12 91 Fleury-Mérogis
10%
Aucun quiz correspondant
Distribution des résultats
% des personnes avec chaque résultat
Percentile par nombre de réponses
Votre historique - résultats
Vous n’avez pas pris ce quiz